| 000 -LEADER |
| fixed length control field |
01744cam a22003254a 4500 |
| 001 - CONTROL NUMBER |
| control field |
15730243 |
| 003 - CONTROL NUMBER IDENTIFIER |
| control field |
OSt |
| 005 - DATE AND TIME OF LATEST TRANSACTION |
| control field |
20230810084544.0 |
| 008 - FIXED-LENGTH DATA ELEMENTS--GENERAL INFORMATION |
| fixed length control field |
090508s2010 nyuab b 001 0 eng |
| 010 ## - LIBRARY OF CONGRESS CONTROL NUMBER |
| LC control number |
2009019041 |
| 020 ## - INTERNATIONAL STANDARD BOOK NUMBER |
| International Standard Book Number |
9780195368086 |
| Qualifying information |
(pbk. : alk. paper) |
| 040 ## - CATALOGING SOURCE |
| Original cataloging agency |
DLC |
| Transcribing agency |
DLC |
| Modifying agency |
DLC |
| -- |
KH8 |
| 043 ## - GEOGRAPHIC AREA CODE |
| Geographic area code |
a-jp--- |
| 082 00 - DEWEY DECIMAL CLASSIFICATION NUMBER |
| Classification number |
952 HUF |
| 100 1# - MAIN ENTRY--PERSONAL NAME |
| Personal name |
Huffman, James L., |
| Dates associated with a name |
1941- |
| 245 10 - TITLE STATEMENT |
| Title |
Japan in world history / |
| Statement of responsibility, etc. |
James L. Huffman. |
| 260 ## - PUBLICATION, DISTRIBUTION, ETC. |
| Place of publication, distribution, etc. |
New York : |
| Name of publisher, distributor, etc. |
Oxford University Press, |
| Date of publication, distribution, etc. |
2010. |
| 300 ## - PHYSICAL DESCRIPTION |
| Extent |
xiv, 156 pages : |
| Other physical details |
ill., maps ; |
| Dimensions |
9.1 x 6 x 0.5 inches . |
| 490 0# - SERIES STATEMENT |
| Series statement |
New Oxford world history |
| 500 ## - GENERAL NOTE |
| General note |
Includes Index |
| 504 ## - BIBLIOGRAPHY, ETC. NOTE |
| Bibliography, etc. note |
Includes bibliographical references and index. |
| 505 0# - FORMATTED CONTENTS NOTE |
| Formatted contents note |
Before the brush (to 645 ce) -- Emperors and aristocrats : rule by law and taste (645-1160) -- Warriors : the long rise (1160-1550) -- Peace and its benefits (1550 to 1850) -- The nation transformed (1850 to 1905) -- Engaging the world, for good and for ill (1905 to 1945) -- A new kind of power (after 1945). |
| 520 ## - SUMMARY, ETC. |
| Summary, etc. |
"Here is a marvelous compact history of Japan from earliest times to the present focusing on Japan's relationships with the rest of the world. In lively prose rooted in observations by people who lived the history, the work highlights the contributions of a wide range of acetors: women as well as men, commoners as well as elites"--Publisher supplied summary. |
| 650 #0 - SUBJECT ADDED ENTRY--TOPICAL TERM |
| Topical term or geographic name entry element |
World history. |
| 651 #0 - SUBJECT ADDED ENTRY--GEOGRAPHIC NAME |
| Geographic name |
Japan |
| General subdivision |
History. |
| 651 #0 - SUBJECT ADDED ENTRY--GEOGRAPHIC NAME |
| Geographic name |
Japan |
| General subdivision |
Foreign relations. |
| 906 ## - LOCAL DATA ELEMENT F, LDF (RLIN) |
| a |
7 |
| b |
cbc |
| c |
orignew |
| d |
1 |
| e |
ecip |
| f |
20 |
| g |
y-gencatlg |
| 942 ## - ADDED ENTRY ELEMENTS (KOHA) |
| Source of classification or shelving scheme |
|
| Koha item type |
Teaching Resources |